| 000 | 00799nam a2200265Ia 4500 | ||
|---|---|---|---|
| 003 | GCL | ||
| 008 | 140319s9999 xx 000 0 ara d | ||
| 040 |
_aGCL / _cGCL |
||
| 082 | 0 | 4 |
_aق _b962.16 _bح ق |
| 100 | 1 | _aعبدالرحمن فهمى | |
| 245 | 1 | 0 |
_aالقاهرة : _bتاريخها فنونها اثارها / _cعبدالرحمن فهمى |
| 700 | 1 | _aحسن الباشا | |
| 700 | 1 | _aعبدالرؤوف على يوسف | |
| 260 |
_a[S.N] : _bدار الكتب ، _c1970 |
||
| 300 | _a648 ص | ||
| 490 | _a | ||
| 650 | 0 | 4 | _aمصر |
| 650 | 0 | 4 | _aتاريخ |
| 650 | 0 | 4 | _aالعمارة الاسلامية |
| 650 | 0 | 4 | _aالاثار الاسلامية |
| 650 | 0 | 4 | _aالفنون |
| 650 | 0 | 4 | _aالفنون الاسلامية |
| 650 | 0 | 4 | _aالقاهرة |
| 942 |
_2ddc _cBK |
||
| 999 |
_c28143 _d28143 |
||